000 00366nam a22001337a 4500
020 _a0-408-03861-6
082 _a658.5752 HOL'S
100 _aPUGH, STUART, HOLLINS, BILL
_967328
245 _aSUCCESSFUL PRODUCT DESIGN, WHAT TO DO AND WHEN
260 _aLONDON
_bBUTTERWORTH
_c1990
300 _a167P
650 _aDESIGN INDUSTRIAL MANAGEMENT
_967329
942 _cBK
999 _c575136
_d575136